<?xml version="1.0" encoding="UTF-8"?><record xmlns="http://www.loc.gov/MARC21/slim" xmlns:zs="http://docs.oasis-open.org/ns/search-ws/sruResponse">
  <leader>03719cpcaa2200601 i 4500</leader>
  <controlfield tag="001">15025745</controlfield>
  <controlfield tag="008">070927||||||||||||                 eng  </controlfield>
  <controlfield tag="005">20250630030149.3</controlfield>
  <datafield ind1=" " ind2=" " tag="010">
    <subfield code="a">mm2007085384</subfield>
  </datafield>
  <datafield ind1="7" ind2=" " tag="024">
    <subfield code="a">MSS85384</subfield>
    <subfield code="q">: Manuscript Division collection ID</subfield>
    <subfield code="2">lcmd</subfield>
  </datafield>
  <datafield ind1=" " ind2=" " tag="040">
    <subfield code="a">DLC</subfield>
    <subfield code="b">eng</subfield>
    <subfield code="e">dacs</subfield>
    <subfield code="c">DLC</subfield>
    <subfield code="d">DLC</subfield>
  </datafield>
  <datafield ind1=" " ind2="7" tag="072">
    <subfield code="a">B</subfield>
    <subfield code="2">lcmd</subfield>
  </datafield>
  <datafield ind1=" " ind2=" " tag="090">
    <subfield code="a">0404S</subfield>
  </datafield>
  <datafield ind1=" " ind2=" " tag="090">
    <subfield code="a">Oversize 0112V</subfield>
  </datafield>
  <datafield ind1=" " ind2=" " tag="090">
    <subfield code="a">Oversize 5:3</subfield>
  </datafield>
  <datafield ind1=" " ind2=" " tag="090">
    <subfield code="a">Cabin Branch (Unprocessed ac. 24,287)</subfield>
  </datafield>
  <datafield ind1="1" ind2=" " tag="110">
    <subfield code="a">United States.</subfield>
    <subfield code="b">Army.</subfield>
    <subfield code="b">Infantry Division, 92nd.</subfield>
  </datafield>
  <datafield ind1="0" ind2="0" tag="245">
    <subfield code="a">United States. Army. 92nd Infantry Division collection,</subfield>
    <subfield code="f">1926-2007</subfield>
    <subfield code="g">(bulk 1942-2000).</subfield>
  </datafield>
  <datafield ind1=" " ind2=" " tag="300">
    <subfield code="a">2,500</subfield>
    <subfield code="f">items.</subfield>
  </datafield>
  <datafield ind1=" " ind2=" " tag="300">
    <subfield code="a">10</subfield>
    <subfield code="f">containers plus</subfield>
    <subfield code="a">6</subfield>
    <subfield code="f">oversize.</subfield>
  </datafield>
  <datafield ind1=" " ind2=" " tag="300">
    <subfield code="a">3.8</subfield>
    <subfield code="f">linear feet.</subfield>
  </datafield>
  <datafield ind1="0" ind2=" " tag="506">
    <subfield code="a">Open to research.</subfield>
  </datafield>
  <datafield ind1=" " ind2=" " tag="506">
    <subfield code="a">Restrictions may apply to unprocessed material.</subfield>
  </datafield>
  <datafield ind1="8" ind2=" " tag="520">
    <subfield code="a">Records of the U.S. Army 92nd Infantry Division and Ninety-Second Infantry Division World War II Association including correspondence, subject files, newspapers, newspaper clippings, exhibition material, posters, photograph albums, photographs, and other records relating chiefly to the service of the division during World War II, chiefly in the Italian campaign, 1943-1945.  Subjects include African American military and civilian experience during World War II and the postwar era.  Includes the association's newsletter, The Buffalo, and material pertaining to Lawnside, N.J., an incorporated African American town.  Correspondents include Richard H. Kohn, Barry R. McCaffrey, Spencer Moore, A. William Perry, Colin L. Powell, and Hiram L. Tanner.</subfield>
  </datafield>
  <datafield ind1=" " ind2=" " tag="524">
    <subfield code="a">Researchers wishing to cite this collection should include the following information: Container number, United States Army 92nd Infantry Division Collection, Manuscript Division, Library of Congress, Washington, D.C.</subfield>
  </datafield>
  <datafield ind1=" " ind2=" " tag="541">
    <subfield code="c">Gift,</subfield>
    <subfield code="a">Spencer Moore and William Perry,</subfield>
    <subfield code="d">2007.</subfield>
  </datafield>
  <datafield ind1=" " ind2=" " tag="541">
    <subfield code="c">Gift,</subfield>
    <subfield code="a">Carolyn Ross Johnston,</subfield>
    <subfield code="d">2014.</subfield>
  </datafield>
  <datafield ind1="1" ind2=" " tag="545">
    <subfield code="a">African American infantry division of the U.S. Army during World War I and World War II.  Also known as the Buffalo Soldiers Division.</subfield>
  </datafield>
  <datafield ind1=" " ind2=" " tag="546">
    <subfield code="a">Collection material in English.</subfield>
  </datafield>
  <datafield ind1="8" ind2=" " tag="555">
    <subfield code="a">Finding aid available in the Library of Congress Manuscript Reading Room and at</subfield>
    <subfield code="u">http://hdl.loc.gov/loc.mss/eadmss.ms008096</subfield>
  </datafield>
  <datafield ind1="1" ind2="0" tag="600">
    <subfield code="a">Kohn, Richard H.</subfield>
    <subfield code="v">Correspondence.</subfield>
  </datafield>
  <datafield ind1="1" ind2="0" tag="600">
    <subfield code="a">McCaffrey, Barry R.</subfield>
    <subfield code="v">Correspondence.</subfield>
  </datafield>
  <datafield ind1="1" ind2="0" tag="600">
    <subfield code="a">Moore, Spencer,</subfield>
    <subfield code="d">1921-</subfield>
    <subfield code="v">Correspondence.</subfield>
  </datafield>
  <datafield ind1="1" ind2="0" tag="600">
    <subfield code="a">Perry, A. William,</subfield>
    <subfield code="d">1924-</subfield>
    <subfield code="v">Correspondence.</subfield>
  </datafield>
  <datafield ind1="1" ind2="0" tag="600">
    <subfield code="a">Powell, Colin L.</subfield>
    <subfield code="v">Correspondence.</subfield>
  </datafield>
  <datafield ind1="1" ind2="0" tag="600">
    <subfield code="a">Tanner, Hiram L.</subfield>
    <subfield code="v">Correspondence.</subfield>
  </datafield>
  <datafield ind1="0" ind2="4" tag="630">
    <subfield code="a">Buffalo (Newsletter)</subfield>
  </datafield>
  <datafield ind1=" " ind2="0" tag="650">
    <subfield code="a">African Americans</subfield>
    <subfield code="x">Social conditions</subfield>
    <subfield code="y">20th century.</subfield>
  </datafield>
  <datafield ind1=" " ind2="0" tag="650">
    <subfield code="a">African Americans</subfield>
    <subfield code="z">New Jersey</subfield>
    <subfield code="z">Lawnside.</subfield>
  </datafield>
  <datafield ind1=" " ind2="0" tag="650">
    <subfield code="a">World War, 1939-1945</subfield>
    <subfield code="x">African Americans.</subfield>
  </datafield>
  <datafield ind1=" " ind2="0" tag="650">
    <subfield code="a">World War, 1939-1945</subfield>
    <subfield code="x">Participation, African American.</subfield>
  </datafield>
  <datafield ind1=" " ind2="0" tag="650">
    <subfield code="a">World War, 1939-1945</subfield>
    <subfield code="x">Campaigns</subfield>
    <subfield code="z">Italy.</subfield>
  </datafield>
  <datafield ind1=" " ind2="0" tag="651">
    <subfield code="a">Lawnside (N.J.)</subfield>
    <subfield code="x">History.</subfield>
  </datafield>
  <datafield ind1=" " ind2="0" tag="651">
    <subfield code="a">United States</subfield>
    <subfield code="x">Armed Forces</subfield>
    <subfield code="x">African Americans.</subfield>
  </datafield>
  <datafield ind1=" " ind2="7" tag="655">
    <subfield code="a">Personal correspondence.</subfield>
    <subfield code="2">lcgft</subfield>
    <subfield code="0">https://id.loc.gov/authorities/genreForms/gf2014026141</subfield>
  </datafield>
  <datafield ind1="2" ind2="2" tag="710">
    <subfield code="a">Ninety-Second Infantry Division World War II Association.</subfield>
    <subfield code="t">United States Army 92nd Infantry Division collection.</subfield>
    <subfield code="f">1926-2007.</subfield>
  </datafield>
  <datafield ind1=" " ind2=" " tag="852">
    <subfield code="a">Library of Congress</subfield>
    <subfield code="b">Manuscript Division</subfield>
    <subfield code="e">Washington, D.C. 20540 USA</subfield>
    <subfield code="n">dcu</subfield>
    <subfield code="u">http://hdl.loc.gov/loc.mss/mss.home</subfield>
  </datafield>
  <datafield ind1="4" ind2="2" tag="856">
    <subfield code="3">Finding aid</subfield>
    <subfield code="u">http://hdl.loc.gov/loc.mss/eadmss.ms008096</subfield>
  </datafield>
  <datafield ind1="4" ind2="2" tag="856">
    <subfield code="3">Finding aid (PDF)</subfield>
    <subfield code="u">http://hdl.loc.gov/loc.mss/eadmss.ms008096.3</subfield>
  </datafield>
  <datafield ind1=" " ind2=" " tag="906">
    <subfield code="a">7</subfield>
    <subfield code="b">cbc</subfield>
    <subfield code="c">orignew</subfield>
    <subfield code="d">u</subfield>
    <subfield code="e">ncip</subfield>
    <subfield code="f">20</subfield>
    <subfield code="g">y-manuscri</subfield>
  </datafield>
  <datafield ind1=" " ind2=" " tag="955">
    <subfield code="a">LCAP batch update 2025-06-26-04:00: LCAPM-893</subfield>
  </datafield>
  <datafield ind1=" " ind2=" " tag="985">
    <subfield code="e">MSS.</subfield>
  </datafield>
  <datafield ind1=" " ind2=" " tag="985">
    <subfield code="a">mss/ead</subfield>
  </datafield>
</record>
